Normal view
MARC view
- Muhammad Hassam Aziz (00000171685)
Entry Personal Name
001 - CONTROL NUMBER
- control field: 116477
003 - CONTROL NUMBER IDENTIFIER
- control field: NUST
005 - DATE AND TIME OF LATEST TRANSACTION
- control field: 20230912165953.0
008 - FIXED-LENGTH DATA ELEMENTS
- fixed length control field: 230912|| aca||aabn | a|a d
040 ## - CATALOGING SOURCE
- Original cataloging agency: NUST
- Transcribing agency: NUST
100 ## - HEADING--PERSONAL NAME
- Personal name: Muhammad Hassam Aziz (00000171685)
670 ## - SOURCE DATA FOUND
- Source citation: Work cat.: (NUST): Muhammad Hassam Aziz (00000171685), Performance Evaluation Of An On Grid 100 MW Quaid-E-Azam Solar Power Bahawalpur /, 2019
